000 00426nam a2200181Ia 4500
001 17409
005 20260306171515.0
008 260306s9999||||xx |||||||||||||| ||und||
041 _aESP
082 _a657.9
_bA93C
100 _aAyala Zavala, Pascual
_eAUT
245 0 _aContabilidad de sociedades
260 _c2021
300 _a590 páginas :
_c25 cm.
650 _aGEN
654 _aCCO
942 _cLIB
_dJUS
_fJUS
_2ddc
_n
999 _c17409
_d17409